Las crónicas de Narnia. El príncipe Caspian
محفوظ في:
| المؤلف الرئيسي: | |
|---|---|
| مؤلفون آخرون: | , |
| التنسيق: | كتاب |
| اللغة: | الإنجليزية |
| منشور في: |
Buenos Aires, Argentina:
Emecé Editores S.A. / Destino,
2008
|
| الطبعة: | 1ª ed. |
| سلاسل: | Destino Infantil & Juvenil, 4
|
| الموضوعات: | |
| الوسوم: |
إضافة وسم
لا توجد وسوم, كن أول من يضع وسما على هذه التسجيلة!
|
MARC
| LEADER | 00000nam a22000007a 4500 | ||
|---|---|---|---|
| 003 | CL-VaPUC | ||
| 005 | 20220616105601.0 | ||
| 008 | 220512b2008 ||||| |||| 00| 0 eng d | ||
| 999 | |c 435586 |d 435584 | ||
| 020 | |a 978-950-732-100-9 | ||
| 040 | |c Pontificia Universidad Católica de Valparaíso | ||
| 082 | 7 | |a 823 LEW 2008 |2 22 | |
| 100 | |a Lewis, C. S |9 328236 |e autor | ||
| 245 | |a Las crónicas de Narnia. |b El príncipe Caspian | ||
| 250 | |a 1ª ed. |b Edición especial para Diario La Nación | ||
| 260 | |a Buenos Aires, Argentina: |b Emecé Editores S.A. / Destino, |c 2008 | ||
| 300 | |a 281 páginas; ilustraciones | ||
| 490 | |a Destino Infantil & Juvenil, 4 | ||
| 500 | |a c1. Donación Biblioteca Curauma. Recibido en GC 19/4/22 | ||
| 583 | |c 20220512 |k Catalogador Asistente | ||
| 650 | |a Literatura inglesa |x Cuentos infantiles |9 870533 | ||
| 650 | |a Cuentos ingleses |9 265135 | ||
| 700 | |a Gallart, Gemma |e traducción |9 869092 | ||
| 700 | |a Baynes, Pauline |e ilustraciones |9 869093 | ||
| 942 | |2 ddc |c BK | ||
| 952 | |0 0 |1 0 |2 ddc |4 0 |6 823_000000000000000_LEW_2008 |7 0 |8 A |9 583017 |a BIBCUR |b BIBCUR |c GEN |d 2022-05-12 |e Donación |i 5651175 |l 2 |m 1 |o 823 LEW 2008 |p 5651175 |r 2025-04-22 |s 2022-11-16 |t 1 |w 2022-05-12 |y BK |k CAC | ||